| 000 | 02372nam a2200409 i 4500 | ||
|---|---|---|---|
| 001 | ebr10829425 | ||
| 003 | CaPaEBR | ||
| 006 | m o d | ||
| 007 | cr cn||||||||| | ||
| 008 | 130923t20142014dcua ob 001 0 eng|d | ||
| 020 | _z9781555817275 | ||
| 020 | _a9781555817282 (e-book) | ||
| 040 |
_aCaPaEBR _beng _erda _epn _cCaPaEBR |
||
| 035 | _a(OCoLC)872671548 | ||
| 050 | 1 | 4 |
_aR860 _b.C56 2014eb |
| 082 | 0 | 4 |
_a610.72/4 _223 |
| 245 | 0 | 0 |
_aClinical laboratory management / _cLynne S. Garcia, editor in chief, LSG & Associates, Santa Monica, CA ; editors, Paul Bachner, Department of Pathology & Laboratory Medicine, University of Kentucky Chandler Medical Center, Lexington, KY [and eight others]. |
| 250 | _aSecond edition. | ||
| 264 | 1 |
_aWashington, DC : _bASM Press, _c[2014] |
|
| 264 | 4 | _c�2014 | |
| 300 |
_a1 online resource (1096 pages) : _billustrations |
||
| 336 |
_atext _2rdacontent |
||
| 337 |
_acomputer _2rdamedia |
||
| 338 |
_aonline resource _2rdacarrier |
||
| 504 | _aIncludes bibliographical references and index. | ||
| 505 | 0 | _asection I. Basic concepts and the current healthcare environment -- section II. Managerial leadership -- section III. Personnel management -- section IV. Requirements for effective laboratory management -- section V. Financial management -- section VI. Generation of revenue -- section VII. Profitability, contribution, and reimbursement -- section VIII. Outside marketing and expansion -- section IX. Clinical trials and evidence-based laboratory medicine -- section X. Defining and measuring standards for success -- section XI. The future of clinical laboratories. | |
| 588 | _aDescription based on print version record. | ||
| 590 | _aElectronic reproduction. Palo Alto, Calif. : ebrary, 2014. Available via World Wide Web. Access may be limited to ebrary affiliated libraries. | ||
| 650 | 0 |
_aMedical laboratories _xAdministration. |
|
| 650 | 0 |
_aPathological laboratories _xAdministration. |
|
| 655 | 0 | _aElectronic books. | |
| 700 | 1 | _aGarcia, Lynne Shore. | |
| 700 | 1 | _aBachner, Paul. | |
| 776 | 0 | 8 |
_iPrint version: _tClinical laboratory management. _dWashington, DC : ASM Press, [2014] _hxxvii, 1067 pages _z9781555817275 _w(DLC)10829425 |
| 797 | 2 | _aebrary. | |
| 856 | 4 | 0 |
_uhttp://site.ebrary.com/lib/rucke/Doc?id=10829425 _zAn electronic book accessible through the World Wide Web; click to view |
| 999 |
_c84939 _d84939 |
||